| 000 | 00574nam a2200241Ia 4500 | ||
|---|---|---|---|
| 003 | 0100 | ||
| 008 | 130303s9999 xx 000 0 und d | ||
| 020 | _a827214286 | ||
| 040 | _cARRUPELIB | ||
| 050 | _aBV4207.O831997 | ||
| 100 | _aRonald E. Osborne | ||
| 245 | _aFolly of God | ||
| 245 | _bthe rise of christian preaching | ||
| 260 | _aSt. Louis Mo. | ||
| 260 | _bChalice Press | ||
| 260 | _C1999 | ||
| 300 | _axxv | ||
| 300 | _b 486p. 22cm | ||
| 650 | _bNadal, Jerome | ||
| 650 | _cJeuits -- Italy --Biography | ||
| 700 | _aRonald E. Osborne | ||
| 942 | 0 | 0 | _01 |
| 999 |
_c9800 _d9800 |
||